[Event "April 9 Late 2024"]
[Site "Chess.com"]
[Date "2024.04.09"]
[Round "6"]
[White "Dmitrenko, Viktor"]
[Black "Shamsi, Mohammadhossein"]
[Result "1-0"]
[Board "115"]
[WhiteFideId "14110270"]
[BlackFideId "12507326"]
[WhiteTitle "IM"]
[BlackTitle "CM"]
[WhiteElo "2457"]
[BlackElo "2310"]
[WhiteTeam "UKR"]
[BlackTeam "IRI"]
[WhiteClock "0:00:15"]
[BlackClock "0:00:02"]
[Variant "Standard"]

1. b3 {[%clk 0:02:53]}  d5 {[%clk 0:02:57]} 2. Bb2 {[%clk 0:02:52]}  Nf6 {[%clk 0:02:56]} 3. e3 {[%clk 0:02:52]}  e6 {[%clk 0:02:54]} 4. f4 {[%clk 0:02:51]}  Be7 {[%clk 0:02:53]} 5. Nf3 {[%clk 0:02:51]}  c5 {[%clk 0:02:51]} 6. Bb5+ {[%clk 0:02:48]}  Nc6 {[%clk 0:02:50]} 7. Ne5 {[%clk 0:02:45]}  Qc7 {[%clk 0:02:49]} 8. O-O {[%clk 0:02:44]}  O-O {[%clk 0:02:49]} 9. Bxc6 {[%clk 0:02:18]}  bxc6 {[%clk 0:02:44]} 10. d3 {[%clk 0:02:19]}  d4 {[%clk 0:02:37]} 11. e4 {[%clk 0:02:17]}  Bd6 {[%clk 0:02:36]} 12. Ng4 {[%clk 0:01:55]}  Nxg4 {[%clk 0:02:23]} 13. Qxg4 {[%clk 0:01:56]}  e5 {[%clk 0:02:18]} 14. f5 {[%clk 0:01:54]}  f6 {[%clk 0:02:15]} 15. Nd2 {[%clk 0:01:53]}  a5 {[%clk 0:02:10]} 16. a4 {[%clk 0:01:52]}  Ba6 {[%clk 0:02:09]} 17. Rf3 {[%clk 0:01:48]}  Ra7 {[%clk 0:02:09]} 18. Raf1 {[%clk 0:01:46]}  Kf7 {[%clk 0:02:07]} 19. Qh5+ {[%clk 0:01:44]}  Ke7 {[%clk 0:02:07]} 20. Qxh7 {[%clk 0:01:41]}  Kd8 {[%clk 0:02:07]} 21. Rg3 {[%clk 0:01:38]}  Kc8 {[%clk 0:02:07]} 22. Rg6 {[%clk 0:01:35]}  Kb8 {[%clk 0:02:05]} 23. Rf3 {[%clk 0:01:34]}  Rf7 {[%clk 0:01:59]} 24. Rfg3 {[%clk 0:01:21]}  Bf8 {[%clk 0:01:46]} 25. Qg8 {[%clk 0:01:17]}  Bc8 {[%clk 0:01:34]} 26. Rh3 {[%clk 0:01:11]}  Qb6 {[%clk 0:01:27]} 27. Ba3 {[%clk 0:01:07]}  Rad7 {[%clk 0:00:52]} 28. Rh8 {[%clk 0:01:03]}  Rd8 {[%clk 0:00:50]} 29. Nc4 {[%clk 0:01:01]}  Qa7 {[%clk 0:00:46]} 30. Bxc5 {[%clk 0:00:55]}  Qxc5 {[%clk 0:00:41]} 31. Qxf7 {[%clk 0:00:54]}  Qb4 {[%clk 0:00:40]} 32. h3 {[%clk 0:00:49]}  Qe1+ {[%clk 0:00:36]} 33. Kh2 {[%clk 0:00:49]}  Qb4 {[%clk 0:00:23]} 34. Rxg7 {[%clk 0:00:44]}  Bxg7 {[%clk 0:00:23]} 35. Rxd8 {[%clk 0:00:44]}  Bh6 {[%clk 0:00:23]} 36. Qxf6 {[%clk 0:00:20]}  Bf4+ {[%clk 0:00:23]} 37. g3 {[%clk 0:00:20]}  Qe1 {[%clk 0:00:10]} 38. Qd6+ {[%clk 0:00:18]}  Kb7 {[%clk 0:00:07]} 39. Rd7+ {[%clk 0:00:18]}  Bxd7 {[%clk 0:00:05]} 40. Qxd7+ {[%clk 0:00:19]}  Kb8 {[%clk 0:00:05]} 41. Qd8+ {[%clk 0:00:19]}  Kb7 {[%clk 0:00:05]} 42. Nd6+ {[%clk 0:00:18]}  Ka6 {[%clk 0:00:05]} 43. Qc8+ {[%clk 0:00:15]}  Kb6 {[%clk 0:00:05]} 44. Nc4+ {[%clk 0:00:15]}  Kc5 {[%clk 0:00:02]} 45. Qf8# {[%clk 0:00:15]} 1-0

[Event "April 9 Late 2024"]
[Site "Chess.com"]
[Date "2024.04.09"]
[Round "6"]
[White "Szente Varga, Fruzsina"]
[Black "Zimmermann, Ulrich"]
[Result "0-1"]
[Board "116"]
[WhiteFideId "712264"]
[BlackFideId "24654523"]
[WhiteTitle "WFM"]
[BlackTitle "FM"]
[WhiteElo "2303"]
[BlackElo "2451"]
[WhiteTeam "HUN"]
[BlackTeam "GER"]
[WhiteClock "0:00:00"]
[BlackClock "0:00:36"]
[Variant "Standard"]

1. e4 {[%clk 0:02:59]}  Nf6 {[%clk 0:02:59]} 2. e5 {[%clk 0:02:57]}  Ne4 {[%clk 0:02:59]} 3. d3 {[%clk 0:02:41]}  Nc5 {[%clk 0:02:58]} 4. d4 {[%clk 0:02:42]}  Ne6 {[%clk 0:02:58]} 5. d5 {[%clk 0:02:39]}  Nc5 {[%clk 0:02:58]} 6. Be3 {[%clk 0:02:39]}  e6 {[%clk 0:02:58]} 7. Nc3 {[%clk 0:02:35]}  exd5 {[%clk 0:02:51]} 8. Qxd5 {[%clk 0:02:30]}  c6 {[%clk 0:02:49]} 9. Qf3 {[%clk 0:02:23]}  Ne6 {[%clk 0:02:27]} 10. O-O-O {[%clk 0:02:21]}  Qa5 {[%clk 0:02:23]} 11. Qg3 {[%clk 0:02:04]}  b5 {[%clk 0:02:20]} 12. Kb1 {[%clk 0:02:01]}  Ba6 {[%clk 0:01:51]} 13. f4 {[%clk 0:01:57]}  b4 {[%clk 0:01:50]} 14. Ne4 {[%clk 0:01:52]}  Nc5 {[%clk 0:01:45]} 15. Bxc5 {[%clk 0:01:38]}  Bxc5 {[%clk 0:01:44]} 16. Bxa6 {[%clk 0:01:37]}  Nxa6 {[%clk 0:01:42]} 17. Qxg7 {[%clk 0:01:29]}  O-O-O {[%clk 0:01:40]} 18. g3 {[%clk 0:01:09]}  f5 {[%clk 0:01:37]} 19. Nf6 {[%clk 0:01:07]}  b3 {[%clk 0:01:35]} 20. cxb3 {[%clk 0:01:01]}  Nb4 {[%clk 0:01:13]} 21. a3 {[%clk 0:01:00]}  Nd5 {[%clk 0:01:12]} 22. Nxd5 {[%clk 0:00:59]}  cxd5 {[%clk 0:01:12]} 23. b4 {[%clk 0:00:52]}  Bxb4 {[%clk 0:01:07]} 24. axb4 {[%clk 0:00:51]}  Qxb4 {[%clk 0:01:08]} 25. Ne2 {[%clk 0:00:49]}  Qe4+ {[%clk 0:01:08]} 26. Ka1 {[%clk 0:00:45]}  Qa4+ {[%clk 0:01:01]} 27. Kb1 {[%clk 0:00:44]}  Qe4+ {[%clk 0:01:01]} 28. Kc1 {[%clk 0:00:34]}  Qxe2 {[%clk 0:00:58]} 29. Rd2 {[%clk 0:00:31]}  Qe4 {[%clk 0:00:53]} 30. Rhd1 {[%clk 0:00:23]}  Kb8 {[%clk 0:00:50]} 31. Rc2 {[%clk 0:00:23]}  Rc8 {[%clk 0:00:49]} 32. Rc3 {[%clk 0:00:17]}  d4 {[%clk 0:00:46]} 33. Qxd7 {[%clk 0:00:08]}  dxc3 {[%clk 0:00:44]} 34. Qd6+ {[%clk 0:00:08]}  Ka8 {[%clk 0:00:44]} 35. b3 {[%clk 0:00:09]}  Rhd8 {[%clk 0:00:35]} 36. Qxd8 {[%clk 0:00:02]}  Rxd8 {[%clk 0:00:36]} 37. Rxd8+ {[%clk 0:00:00]}  Kb7 {[%clk 0:00:36]} 0-1

[Event "April 9 Late 2024"]
[Site "Chess.com"]
[Date "2024.04.09"]
[Round "6"]
[White "Melikhov, Evgeny V."]
[Black "Schut, Han"]
[Result "1-0"]
[Board "117"]
[WhiteFideId "4122046"]
[BlackFideId "1005561"]
[WhiteTitle "FM"]
[BlackTitle "CM"]
[WhiteElo "2451"]
[BlackElo "2287"]
[WhiteTeam "GRE"]
[BlackTeam "NED"]
[WhiteClock "0:00:02"]
[BlackClock "0:00:10"]
[Variant "Standard"]

1. d4 {[%clk 0:03:00]}  Nf6 {[%clk 0:02:55]} 2. c4 {[%clk 0:03:00]}  g6 {[%clk 0:02:55]} 3. Nc3 {[%clk 0:03:00]}  d5 {[%clk 0:02:56]} 4. cxd5 {[%clk 0:02:58]}  Nxd5 {[%clk 0:02:57]} 5. e4 {[%clk 0:02:58]}  Nxc3 {[%clk 0:02:57]} 6. bxc3 {[%clk 0:02:58]}  Bg7 {[%clk 0:02:58]} 7. Bc4 {[%clk 0:02:58]}  c5 {[%clk 0:02:59]} 8. Ne2 {[%clk 0:02:58]}  Nc6 {[%clk 0:02:59]} 9. Be3 {[%clk 0:02:58]}  O-O {[%clk 0:02:58]} 10. h4 {[%clk 0:02:57]}  Qc7 {[%clk 0:02:51]} 11. Rc1 {[%clk 0:02:53]}  Rd8 {[%clk 0:02:49]} 12. h5 {[%clk 0:02:50]}  Ne5 {[%clk 0:02:46]} 13. Bb3 {[%clk 0:02:23]}  cxd4 {[%clk 0:02:22]} 14. cxd4 {[%clk 0:02:21]}  Qa5+ {[%clk 0:02:21]} 15. Bd2 {[%clk 0:02:10]}  Nd3+ {[%clk 0:02:20]} 16. Kf1 {[%clk 0:02:09]}  Qa6 {[%clk 0:02:15]} 17. Bc4 {[%clk 0:01:59]}  Nb2 {[%clk 0:02:08]} 18. Bxa6 {[%clk 0:01:44]}  Nxd1 {[%clk 0:02:08]} 19. Bc4 {[%clk 0:01:23]}  Nb2 {[%clk 0:02:01]} 20. Bb3 {[%clk 0:01:21]}  b5 {[%clk 0:01:49]} 21. h6 {[%clk 0:01:06]}  Bh8 {[%clk 0:01:43]} 22. e5 {[%clk 0:01:03]}  Nc4 {[%clk 0:01:38]} 23. Bxc4 {[%clk 0:01:00]}  bxc4 {[%clk 0:01:39]} 24. Rxc4 {[%clk 0:01:00]}  Ba6 {[%clk 0:01:39]} 25. Ra4 {[%clk 0:00:49]}  Bb5 {[%clk 0:01:39]} 26. Rb4 {[%clk 0:00:49]}  Bd3 {[%clk 0:01:20]} 27. Rh3 {[%clk 0:00:46]}  a5 {[%clk 0:01:18]} 28. Rxd3 {[%clk 0:00:20]}  axb4 {[%clk 0:01:17]} 29. f4 {[%clk 0:00:18]}  f6 {[%clk 0:01:10]} 30. Bxb4 {[%clk 0:00:17]}  fxe5 {[%clk 0:01:06]} 31. Bxe7 {[%clk 0:00:15]}  Rd7 {[%clk 0:01:04]} 32. Bc5 {[%clk 0:00:13]}  exd4 {[%clk 0:01:01]} 33. a3 {[%clk 0:00:12]}  Bf6 {[%clk 0:00:56]} 34. g4 {[%clk 0:00:12]}  g5 {[%clk 0:00:52]} 35. f5 {[%clk 0:00:11]}  Rd5 {[%clk 0:00:41]} 36. Bb4 {[%clk 0:00:10]}  Re8 {[%clk 0:00:33]} 37. Ng3 {[%clk 0:00:08]}  Re3 {[%clk 0:00:30]} 38. Rxe3 {[%clk 0:00:06]}  dxe3 {[%clk 0:00:31]} 39. Ke2 {[%clk 0:00:06]}  Bd4 {[%clk 0:00:28]} 40. Ne4 {[%clk 0:00:06]}  Kf7 {[%clk 0:00:22]} 41. Nxg5+ {[%clk 0:00:06]}  Ke8 {[%clk 0:00:20]} 42. Nf3 {[%clk 0:00:06]}  Ba7 {[%clk 0:00:19]} 43. a4 {[%clk 0:00:03]}  Kf7 {[%clk 0:00:15]} 44. a5 {[%clk 0:00:03]}  Ke8 {[%clk 0:00:15]} 45. Bc3 {[%clk 0:00:03]}  Rc5 {[%clk 0:00:12]} 46. Bd4 {[%clk 0:00:03]}  Rb5 {[%clk 0:00:10]} 47. Bxa7 {[%clk 0:00:02]} 1-0

[Event "April 9 Late 2024"]
[Site "Chess.com"]
[Date "2024.04.09"]
[Round "6"]
[White "Zeneli, Klendi"]
[Black "Vila Dupla, Aurelio"]
[Result "0-1"]
[Board "120"]
[WhiteFideId "4706609"]
[BlackFideId "2203383"]
[WhiteTitle "CM"]
[BlackTitle "FM"]
[WhiteElo "2439"]
[BlackElo "2223"]
[WhiteTeam "ALB"]
[BlackTeam "ESP"]
[WhiteClock "0:01:04"]
[BlackClock "0:00:37"]
[Variant "Standard"]

1. e4 {[%clk 0:03:00]}  c5 {[%clk 0:02:58]} 2. c3 {[%clk 0:02:59]}  d5 {[%clk 0:02:58]} 3. exd5 {[%clk 0:03:00]}  Qxd5 {[%clk 0:02:58]} 4. Nf3 {[%clk 0:03:01]}  Nf6 {[%clk 0:02:56]} 5. Na3 {[%clk 0:03:01]}  Bg4 {[%clk 0:02:55]} 6. Be2 {[%clk 0:03:00]}  Nc6 {[%clk 0:02:54]} 7. O-O {[%clk 0:02:59]}  e6 {[%clk 0:02:54]} 8. d4 {[%clk 0:02:57]}  cxd4 {[%clk 0:02:51]} 9. Nb5 {[%clk 0:02:57]}  Rc8 {[%clk 0:02:51]} 10. Bf4 {[%clk 0:02:25]}  Bxf3 {[%clk 0:02:40]} 11. gxf3 {[%clk 0:02:02]}  dxc3 {[%clk 0:02:36]} 12. Nc7+ {[%clk 0:01:57]}  Rxc7 {[%clk 0:02:35]} 13. Bxc7 {[%clk 0:01:58]}  cxb2 {[%clk 0:02:35]} 14. Rb1 {[%clk 0:01:57]}  Qg5+ {[%clk 0:01:40]} 15. Kh1 {[%clk 0:01:52]}  Nd5 {[%clk 0:01:38]} 16. Bg3 {[%clk 0:01:47]}  Nc3 {[%clk 0:01:31]} 17. Qc2 {[%clk 0:01:33]}  Nxb1 {[%clk 0:01:29]} 18. Rxb1 {[%clk 0:01:30]}  Ba3 {[%clk 0:00:55]} 19. Qb3 {[%clk 0:01:30]}  Qc5 {[%clk 0:00:54]} 20. Qxb7 {[%clk 0:01:12]}  O-O {[%clk 0:00:44]} 21. Qb5 {[%clk 0:01:10]}  Qc1+ {[%clk 0:00:43]} 22. Kg2 {[%clk 0:01:06]}  Qxb1 {[%clk 0:00:43]} 23. Qxc6 {[%clk 0:01:07]}  Qxa2 {[%clk 0:00:42]} 24. Bd3 {[%clk 0:01:04]}  b1=Q {[%clk 0:00:37]} 0-1

[Event "April 9 Late 2024"]
[Site "Chess.com"]
[Date "2024.04.09"]
[Round "6"]
[White "Rees, Ioan"]
[Black "Floresvillar Gonzalez, Luis Migu"]
[Result "1-0"]
[Board "121"]
[WhiteFideId "1801236"]
[BlackFideId "5100542"]
[WhiteTitle "FM"]
[BlackTitle "CM"]
[WhiteElo "2437"]
[BlackElo "2150"]
[WhiteTeam "WLS"]
[BlackTeam "MEX"]
[WhiteClock "0:00:41"]
[BlackClock "0:00:00"]
[Variant "Standard"]

1. e4 {[%clk 0:02:54]}  c6 {[%clk 0:03:00]} 2. d4 {[%clk 0:02:53]}  d5 {[%clk 0:03:00]} 3. e5 {[%clk 0:02:54]}  c5 {[%clk 0:02:59]} 4. Nf3 {[%clk 0:02:50]}  cxd4 {[%clk 0:02:56]} 5. Nxd4 {[%clk 0:02:49]}  e6 {[%clk 0:02:51]} 6. Bd3 {[%clk 0:02:38]}  Nc6 {[%clk 0:02:48]} 7. Nxc6 {[%clk 0:02:34]}  bxc6 {[%clk 0:02:47]} 8. O-O {[%clk 0:02:35]}  Ne7 {[%clk 0:02:44]} 9. c4 {[%clk 0:02:34]}  Qc7 {[%clk 0:02:43]} 10. Qe2 {[%clk 0:02:29]}  Ng6 {[%clk 0:02:40]} 11. f4 {[%clk 0:02:29]}  Bc5+ {[%clk 0:02:39]} 12. Kh1 {[%clk 0:02:29]}  O-O {[%clk 0:02:36]} 13. Nc3 {[%clk 0:02:28]}  Rb8 {[%clk 0:02:13]} 14. Na4 {[%clk 0:02:21]}  Be7 {[%clk 0:02:08]} 15. Be3 {[%clk 0:02:18]}  f5 {[%clk 0:02:04]} 16. Rfc1 {[%clk 0:02:09]}  Qa5 {[%clk 0:01:58]} 17. b3 {[%clk 0:02:06]}  Ba6 {[%clk 0:01:40]} 18. Qf2 {[%clk 0:01:41]}  dxc4 {[%clk 0:01:36]} 19. Bxc4 {[%clk 0:01:41]}  Bxc4 {[%clk 0:01:35]} 20. Rxc4 {[%clk 0:01:41]}  Rfc8 {[%clk 0:01:03]} 21. Bxa7 {[%clk 0:01:39]}  Rb4 {[%clk 0:00:56]} 22. Bb6 {[%clk 0:01:28]}  Qb5 {[%clk 0:00:50]} 23. Rac1 {[%clk 0:01:26]}  Rxc4 {[%clk 0:00:45]} 24. Rxc4 {[%clk 0:01:25]}  Qd5 {[%clk 0:00:29]} 25. Qd4 {[%clk 0:01:14]}  Nxf4 {[%clk 0:00:22]} 26. Qxd5 {[%clk 0:01:14]}  Nxd5 {[%clk 0:00:21]} 27. Bc5 {[%clk 0:01:11]}  Bg5 {[%clk 0:00:18]} 28. Bd6 {[%clk 0:01:09]}  Be3 {[%clk 0:00:15]} 29. g3 {[%clk 0:01:05]}  c5 {[%clk 0:00:14]} 30. Kg2 {[%clk 0:01:04]}  Bd4 {[%clk 0:00:13]} 31. Kf3 {[%clk 0:01:03]}  Ne3 {[%clk 0:00:13]} 32. Rc1 {[%clk 0:01:02]}  Ng4 {[%clk 0:00:11]} 33. h3 {[%clk 0:00:57]}  Nxe5+ {[%clk 0:00:10]} 34. Bxe5 {[%clk 0:00:57]}  Bxe5 {[%clk 0:00:10]} 35. Rxc5 {[%clk 0:00:57]}  Rxc5 {[%clk 0:00:10]} 36. Nxc5 {[%clk 0:00:58]}  Kf7 {[%clk 0:00:10]} 37. a4 {[%clk 0:00:58]}  Bd4 {[%clk 0:00:08]} 38. Nd3 {[%clk 0:00:54]}  Ke7 {[%clk 0:00:07]} 39. b4 {[%clk 0:00:51]}  Kd6 {[%clk 0:00:07]} 40. b5 {[%clk 0:00:50]}  e5 {[%clk 0:00:06]} 41. Nb4 {[%clk 0:00:48]}  g5 {[%clk 0:00:02]} 42. g4 {[%clk 0:00:47]}  e4+ {[%clk 0:00:01]} 43. Ke2 {[%clk 0:00:45]}  f4 {[%clk 0:00:02]} 44. Nc6 {[%clk 0:00:42]}  f3+ {[%clk 0:00:00]} 45. Kd2 {[%clk 0:00:41]} 1-0

[Event "April 9 Late 2024"]
[Site "Chess.com"]
[Date "2024.04.09"]
[Round "6"]
[White "Haszon, David"]
[Black "Bogaudinov, Rushan"]
[Result "1/2-1/2"]
[Board "124"]
[WhiteFideId "733610"]
[BlackFideId "4129288"]
[WhiteTitle "FM"]
[BlackTitle "FM"]
[WhiteElo "2344"]
[BlackElo "2474"]
[WhiteTeam "HUN"]
[BlackTeam "RUS"]
[WhiteClock "0:00:06"]
[BlackClock "0:00:05"]
[Variant "Standard"]

1. e4 {[%clk 0:03:00]}  e6 {[%clk 0:02:55]} 2. d4 {[%clk 0:03:00]}  a6 {[%clk 0:02:56]} 3. a4 {[%clk 0:02:52]}  c5 {[%clk 0:02:54]} 4. d5 {[%clk 0:02:50]}  Nf6 {[%clk 0:02:52]} 5. Nc3 {[%clk 0:02:49]}  exd5 {[%clk 0:02:48]} 6. e5 {[%clk 0:02:45]}  d4 {[%clk 0:02:31]} 7. exf6 {[%clk 0:02:44]}  d6 {[%clk 0:02:23]} 8. Ne4 {[%clk 0:02:34]}  Nc6 {[%clk 0:02:13]} 9. Bg5 {[%clk 0:02:22]}  g6 {[%clk 0:02:13]} 10. c3 {[%clk 0:01:50]}  h6 {[%clk 0:02:11]} 11. Bh4 {[%clk 0:01:50]}  Bf5 {[%clk 0:02:03]} 12. Ng3 {[%clk 0:01:41]}  Be6 {[%clk 0:01:53]} 13. N3e2 {[%clk 0:01:36]}  g5 {[%clk 0:01:43]} 14. Bg3 {[%clk 0:01:36]}  Qxf6 {[%clk 0:01:43]} 15. cxd4 {[%clk 0:01:36]}  cxd4 {[%clk 0:01:44]} 16. Nf3 {[%clk 0:01:37]}  Bg7 {[%clk 0:01:43]} 17. Nc1 {[%clk 0:01:31]}  O-O {[%clk 0:01:24]} 18. Bd3 {[%clk 0:01:26]}  Ne5 {[%clk 0:01:14]} 19. O-O {[%clk 0:01:21]}  Nxd3 {[%clk 0:00:57]} 20. Nxd3 {[%clk 0:01:19]}  Rfd8 {[%clk 0:00:51]} 21. Re1 {[%clk 0:01:18]}  Rac8 {[%clk 0:00:50]} 22. Rc1 {[%clk 0:01:17]}  Rxc1 {[%clk 0:00:35]} 23. Qxc1 {[%clk 0:01:18]}  Rc8 {[%clk 0:00:33]} 24. Qd2 {[%clk 0:01:13]}  Bb3 {[%clk 0:00:31]} 25. Rc1 {[%clk 0:00:57]}  Rxc1+ {[%clk 0:00:30]} 26. Qxc1 {[%clk 0:00:58]}  Qf5 {[%clk 0:00:28]} 27. Nfe1 {[%clk 0:00:52]}  Bd5 {[%clk 0:00:27]} 28. Bxd6 {[%clk 0:00:50]}  Bc6 {[%clk 0:00:26]} 29. Bg3 {[%clk 0:00:38]}  Bxa4 {[%clk 0:00:25]} 30. Qd2 {[%clk 0:00:36]}  Bc6 {[%clk 0:00:25]} 31. h4 {[%clk 0:00:29]}  Kh7 {[%clk 0:00:22]} 32. hxg5 {[%clk 0:00:29]}  hxg5 {[%clk 0:00:23]} 33. Qe2 {[%clk 0:00:29]}  Kg8 {[%clk 0:00:17]} 34. Nb4 {[%clk 0:00:20]}  Bb5 {[%clk 0:00:16]} 35. Qd2 {[%clk 0:00:17]}  Qb1 {[%clk 0:00:15]} 36. Kh2 {[%clk 0:00:12]}  Bf6 {[%clk 0:00:14]} 37. Nd5 {[%clk 0:00:12]}  Qh7+ {[%clk 0:00:14]} 38. Kg1 {[%clk 0:00:12]}  Bd8 {[%clk 0:00:14]} 39. Qxd4 {[%clk 0:00:11]}  Qb1 {[%clk 0:00:13]} 40. Qe3 {[%clk 0:00:11]}  Bc6 {[%clk 0:00:10]} 41. Nc3 {[%clk 0:00:09]}  Qf5 {[%clk 0:00:09]} 42. Be5 {[%clk 0:00:09]}  f6 {[%clk 0:00:08]} 43. Bd4 {[%clk 0:00:09]}  Kf7 {[%clk 0:00:07]} 44. Ne2 {[%clk 0:00:09]}  Bc7 {[%clk 0:00:07]} 45. Ng3 {[%clk 0:00:09]}  Qd5 {[%clk 0:00:06]} 46. Bc3 {[%clk 0:00:08]}  b5 {[%clk 0:00:06]} 47. Qd4 {[%clk 0:00:08]}  Qxd4 {[%clk 0:00:06]} 48. Bxd4 {[%clk 0:00:09]}  a5 {[%clk 0:00:06]} 49. Nd3 {[%clk 0:00:09]}  Bd6 {[%clk 0:00:05]} 50. Ne2 {[%clk 0:00:07]}  Ke6 {[%clk 0:00:05]} 51. Bc5 {[%clk 0:00:08]}  Bc7 {[%clk 0:00:04]} 52. Nd4+ {[%clk 0:00:08]}  Kd5 {[%clk 0:00:04]} 53. Nxc6 {[%clk 0:00:09]}  Kxc6 {[%clk 0:00:05]} 54. Be7 {[%clk 0:00:09]}  f5 {[%clk 0:00:02]} 55. Bxg5 {[%clk 0:00:10]}  Kd5 {[%clk 0:00:03]} 56. Bd2 {[%clk 0:00:10]}  Kc4 {[%clk 0:00:02]} 57. Nc1 {[%clk 0:00:10]}  b4 {[%clk 0:00:02]} 58. b3+ {[%clk 0:00:10]}  Kb5 {[%clk 0:00:02]} 59. f3 {[%clk 0:00:09]}  a4 {[%clk 0:00:03]} 60. bxa4+ {[%clk 0:00:08]}  Kxa4 {[%clk 0:00:03]} 61. g4 {[%clk 0:00:09]}  fxg4 {[%clk 0:00:03]} 62. fxg4 {[%clk 0:00:08]}  b3 {[%clk 0:00:03]} 63. Nxb3 {[%clk 0:00:07]}  Kxb3 {[%clk 0:00:03]} 64. Kf2 {[%clk 0:00:06]}  Kc4 {[%clk 0:00:03]} 65. Ke3 {[%clk 0:00:06]}  Kd5 {[%clk 0:00:04]} 66. Bc3 {[%clk 0:00:07]}  Ke6 {[%clk 0:00:04]} 67. Ke4 {[%clk 0:00:07]}  Kf7 {[%clk 0:00:04]} 68. Kf5 {[%clk 0:00:07]}  Kg8 {[%clk 0:00:04]} 69. g5 {[%clk 0:00:07]}  Bd8 {[%clk 0:00:05]} 70. g6 {[%clk 0:00:07]}  Bc7 {[%clk 0:00:05]} 71. Bf6 {[%clk 0:00:07]}  Bb6 {[%clk 0:00:05]} 72. Be5 {[%clk 0:00:08]}  Bc5 {[%clk 0:00:06]} 73. Ke6 {[%clk 0:00:07]}  Bb4 {[%clk 0:00:06]} 74. Bd6 {[%clk 0:00:07]}  Kg7 {[%clk 0:00:05]} 75. Bxb4 {[%clk 0:00:06]}  Kxg6 {[%clk 0:00:05]} 1/2-1/2

[Event "April 9 Late 2024"]
[Site "Chess.com"]
[Date "2024.04.09"]
[Round "6"]
[White "Morales Garcia, Sergio Joshafatt"]
[Black "Korol, Dimitry"]
[Result "1-0"]
[Board "125"]
[WhiteFideId "5106249"]
[BlackFideId "14108003"]
[WhiteTitle "FM"]
[WhiteElo "2467"]
[BlackElo "2323"]
[WhiteTeam "MEX"]
[BlackTeam "UKR"]
[WhiteClock "0:00:13"]
[BlackClock "0:00:00"]
[Variant "Standard"]

1. d4 {[%clk 0:03:00]}  Nf6 {[%clk 0:02:59]} 2. c4 {[%clk 0:03:01]}  c5 {[%clk 0:03:00]} 3. d5 {[%clk 0:03:01]}  b5 {[%clk 0:03:00]} 4. cxb5 {[%clk 0:03:02]}  a6 {[%clk 0:03:00]} 5. bxa6 {[%clk 0:03:03]}  g6 {[%clk 0:03:00]} 6. Nc3 {[%clk 0:03:02]}  Bxa6 {[%clk 0:03:01]} 7. e4 {[%clk 0:03:02]}  Bxf1 {[%clk 0:03:02]} 8. Kxf1 {[%clk 0:03:03]}  d6 {[%clk 0:03:02]} 9. g3 {[%clk 0:03:03]}  Bg7 {[%clk 0:03:03]} 10. Nf3 {[%clk 0:03:04]}  O-O {[%clk 0:03:04]} 11. Kg2 {[%clk 0:03:04]}  Nbd7 {[%clk 0:03:04]} 12. Re1 {[%clk 0:03:00]}  Ng4 {[%clk 0:03:01]} 13. a4 {[%clk 0:02:58]}  Qa5 {[%clk 0:02:58]} 14. h3 {[%clk 0:02:51]}  Nge5 {[%clk 0:02:57]} 15. Nxe5 {[%clk 0:02:50]}  Nxe5 {[%clk 0:02:58]} 16. Qe2 {[%clk 0:02:50]}  Qb4 {[%clk 0:02:55]} 17. Qc2 {[%clk 0:02:39]}  Rfb8 {[%clk 0:02:50]} 18. Bg5 {[%clk 0:02:07]}  Kf8 {[%clk 0:02:09]} 19. Nb5 {[%clk 0:01:30]}  Nc4 {[%clk 0:01:43]} 20. e5 {[%clk 0:01:30]}  Bxe5 {[%clk 0:01:06]} 21. f4 {[%clk 0:01:23]}  Bf6 {[%clk 0:01:02]} 22. Bxf6 {[%clk 0:01:17]}  exf6 {[%clk 0:01:03]} 23. Re4 {[%clk 0:01:17]}  Qxb2 {[%clk 0:01:00]} 24. Qxb2 {[%clk 0:01:12]}  Nxb2 {[%clk 0:01:00]} 25. Nxd6 {[%clk 0:01:13]}  Nd3 {[%clk 0:00:41]} 26. a5 {[%clk 0:01:05]}  Rb2+ {[%clk 0:00:39]} 27. Kg1 {[%clk 0:01:04]}  Nf2 {[%clk 0:00:32]} 28. Rc4 {[%clk 0:00:53]}  Nxh3+ {[%clk 0:00:29]} 29. Kf1 {[%clk 0:00:54]}  Ke7 {[%clk 0:00:03]} 30. Ne4 {[%clk 0:00:53]}  f5 {[%clk 0:00:01]} 31. Nxc5 {[%clk 0:00:23]}  Kd6 {[%clk 0:00:02]} 32. Nd3 {[%clk 0:00:15]}  Rh2 {[%clk 0:00:01]} 33. Raa4 {[%clk 0:00:15]}  Rb8 {[%clk 0:00:01]} 34. a6 {[%clk 0:00:13]}  Rb1+ {[%clk 0:00:00]} 35. Nc1 {[%clk 0:00:13]} 1-0

[Event "April 9 Late 2024"]
[Site "Chess.com"]
[Date "2024.04.09"]
[Round "6"]
[White "Escalante Ramirez, Rafael"]
[Black "Camacho Collados, Jose"]
[Result "0-1"]
[Board "129"]
[WhiteFideId "3900177"]
[BlackFideId "2265427"]
[WhiteTitle "CM"]
[BlackTitle "IM"]
[WhiteElo "2247"]
[BlackElo "2584"]
[WhiteTeam "VEN"]
[BlackTeam "WLS"]
[WhiteClock "0:00:32"]
[BlackClock "0:00:52"]
[Variant "Standard"]

1. Nf3 {[%clk 0:03:00]}  Nf6 {[%clk 0:02:58]} 2. d4 {[%clk 0:03:01]}  d5 {[%clk 0:02:57]} 3. c4 {[%clk 0:03:01]}  e6 {[%clk 0:02:57]} 4. Nc3 {[%clk 0:03:01]}  Be7 {[%clk 0:02:56]} 5. Bg5 {[%clk 0:03:01]}  O-O {[%clk 0:02:57]} 6. e3 {[%clk 0:03:01]}  c6 {[%clk 0:02:56]} 7. Rc1 {[%clk 0:03:00]}  h6 {[%clk 0:02:56]} 8. Bh4 {[%clk 0:03:00]}  Nbd7 {[%clk 0:02:56]} 9. Qc2 {[%clk 0:02:58]}  b6 {[%clk 0:02:55]} 10. a3 {[%clk 0:02:57]}  Bb7 {[%clk 0:02:55]} 11. Bd3 {[%clk 0:02:55]}  Rc8 {[%clk 0:02:54]} 12. O-O {[%clk 0:02:54]}  dxc4 {[%clk 0:02:53]} 13. Bxc4 {[%clk 0:02:54]}  c5 {[%clk 0:02:53]} 14. dxc5 {[%clk 0:02:31]}  Bxf3 {[%clk 0:02:46]} 15. gxf3 {[%clk 0:02:28]}  Rxc5 {[%clk 0:02:46]} 16. Qe2 {[%clk 0:02:17]}  Nh5 {[%clk 0:02:33]} 17. Bg3 {[%clk 0:02:02]}  Nxg3 {[%clk 0:02:28]} 18. hxg3 {[%clk 0:02:03]}  h5 {[%clk 0:02:18]} 19. Ne4 {[%clk 0:02:02]}  Rc7 {[%clk 0:02:13]} 20. Rfd1 {[%clk 0:01:59]}  h4 {[%clk 0:02:05]} 21. f4 {[%clk 0:01:52]}  hxg3 {[%clk 0:02:02]} 22. fxg3 {[%clk 0:01:51]}  Qa8 {[%clk 0:01:57]} 23. Bd3 {[%clk 0:01:16]}  Rxc1 {[%clk 0:01:46]} 24. Rxc1 {[%clk 0:01:17]}  f5 {[%clk 0:01:43]} 25. Nf2 {[%clk 0:01:05]}  Nc5 {[%clk 0:01:41]} 26. Bc4 {[%clk 0:01:03]}  Rf6 {[%clk 0:01:37]} 27. Qf1 {[%clk 0:00:51]}  Rg6 {[%clk 0:01:30]} 28. Qg2 {[%clk 0:00:50]}  Qe8 {[%clk 0:01:17]} 29. Be2 {[%clk 0:00:48]}  Rh6 {[%clk 0:01:11]} 30. Bf3 {[%clk 0:00:46]}  Bf6 {[%clk 0:01:07]} 31. b4 {[%clk 0:00:45]}  Nb3 {[%clk 0:01:05]} 32. Rc7 {[%clk 0:00:43]}  Nd2 {[%clk 0:01:02]} 33. Bb7 {[%clk 0:00:42]}  Qa4 {[%clk 0:00:54]} 34. Rc3 {[%clk 0:00:32]}  Bxc3 {[%clk 0:00:52]} 0-1